Ley general del equilibrio ecológico y la protección al ambiente : ( y disposiciones complementarias) (Record no. 171449)
[ view plain ]
| 000 -CABECERA | |
|---|---|
| campo de control de longitud fija | 01111nam a2200349Ia 4500 |
| 001 - NÚMERO DE CONTROL | |
| campo de control | dia_901 |
| 003 - IDENTIFICADOR DEL NÚMERO DE CONTROL | |
| campo de control | CHAP |
| 005 - FECHA Y HORA DE LA ÚLTIMA TRANSACCIÓN | |
| campo de control | 20230116141041.0 |
| 008 - DATOS DE LONGITUD FIJA--INFORMACIÓN GENERAL | |
| campo de control de longitud fija | 220117s1997 xx 000 0 und d |
| 010 ## - NÚMERO DE CONTROL DE LA BIBLIOTECA DEL CONGRESO | |
| Número de control de LC | 171449 |
| 020 ## - NÚMERO INTERNACIONAL ESTÁNDAR DEL LIBRO | |
| Número Internacional Estándar del Libro | 970-07-1006-8 |
| 040 ## - FUENTE DE LA CATALOGACIÓN | |
| Centro/agencia transcriptor | CHAP |
| 082 ## - NÚMERO DE LA CLASIFICACIÓN DECIMAL DEWEY | |
| Número de clasificación | C 574.5 M49 1997 |
| 110 ## - ENTRADA PRINCIPAL--NOMBRE DE ENTIDAD CORPORATIVA | |
| Nombre de entidad corporativa o nombre de jurisdicción como elemento de entrada | México. |
| 9 (RLIN) | 76640 |
| 240 ## - TÍTULO UNIFORME | |
| Título uniforme | Leyes, etc. |
| 245 ## - MENCIÓN DE TÍTULO | |
| Título | Ley general del equilibrio ecológico y la protección al ambiente : ( y disposiciones complementarias) |
| 250 ## - MENCIÓN DE EDICIÓN | |
| Mención de edición | 13a ed. act. |
| 260 ## - PUBLICACIÓN, DISTRIBUCIÓN, ETC. | |
| Lugar de publicación, distribución, etc. | México : |
| Nombre del editor, distribuidor, etc. | Porrúa, |
| Fecha de publicación, distribución, etc. | 1997 |
| 300 ## - DESCRIPCIÓN FÍSICA | |
| Extensión | 714 p. |
| 410 ## - MENCIÓN DE SERIE/PUNTO DE ACCESO ADICIONAL--ENTIDAD CORPORATIVA [OBSOLETO, CAN/MARC], [LOCAL, USA] | |
| Nombre de entidad corporativa o nombre de jurisdicción como elemento de entrada | LEY Y CODIGOS DE MEXICO |
| 440 ## - MENCIÓN DE SERIE/PUNTO DE ACCESO ADICIONAL--TÍTULO | |
| Título | Leyes y códigos de México |
| 9 (RLIN) | 66564 |
| 503 ## - NOTA DE HISTORIA BIBLIOGRÁFICA (BK CF MU) [OBSOLETO] | |
| Nota de historia bibliográfica | C/e |
| 590 ## - NOTA LOCAL (RLIN) | |
| Nota local | C HM208 M49 1997 |
| 650 ## - PUNTO DE ACCESO ADICIONAL DE MATERIA--TÉRMINO DE MATERIA | |
| Término de materia o nombre geográfico como elemento de entrada | Derecho ambiental |
| Subdivisión general | México |
| 9 (RLIN) | 149482 |
| 650 ## - PUNTO DE ACCESO ADICIONAL DE MATERIA--TÉRMINO DE MATERIA | |
| Término de materia o nombre geográfico como elemento de entrada | Ecología |
| Subdivisión general | Leyes y decretos |
| 9 (RLIN) | 149483 |
| 650 ## - PUNTO DE ACCESO ADICIONAL DE MATERIA--TÉRMINO DE MATERIA | |
| Término de materia o nombre geográfico como elemento de entrada | Ecology |
| Subdivisión general | Legal status, laws, etc. |
| 9 (RLIN) | 149484 |
| 710 ## - PUNTO DE ACCESO ADICIONAL--NOMBRE DE ENTIDAD CORPORATIVA | |
| Nombre de entidad corporativa o nombre de jurisdicción como elemento de entrada | México. Secretaría de Medio Ambiente, Recursos Naturales y Pesca |
| 9 (RLIN) | 77201 |
| 901 ## - ELEMENTOS DE DATOS A LOCAL LDA (RLIN) | |
| a | C 574.5 M49 1997 |
| 902 ## - ELEMENTOS DE DATOS B LOCAL, LDB (RLIN) | |
| a | M |
| 905 ## - ELEMENTOS DE DATOS E LOCAL, LDE (RLIN) | |
| a | 5232271997 mx x 8295223322spa16 |
| 942 ## - ELEMENTOS DE PUNTO DE ACCESO ADICIONAL (KOHA) | |
| Tipo de ítem Koha | Libro |
| Fuente del sistema de clasificación o colocación | Dewey Decimal Classification |
| Estado de retiro | Estado de pérdida | Fuente del sistema de clasificación o colocación | Estado dañado | Restricciones de uso | No para préstamo | Código de colección | Localización permanente | Ubicación/localización actual | Fecha de adquisición | Total de préstamos | Signatura topográfica completa | Código de barras | Fecha visto por última vez | Número de copia | Precio válido a partir de | Tipo de ítem Koha |
|---|---|---|---|---|---|---|---|---|---|---|---|---|---|---|---|---|
| Dewey Decimal Classification | Préstamo interno | Consulta | Ingenieria Agroindustrial | Ingenieria Agroindustrial | 18/01/2022 | C 574.5 M49 1997 | dia_005028 | 18/01/2022 | 2 | 18/01/2022 | Libro | |||||
| Dewey Decimal Classification | Préstamo interno | Consulta | Ingenieria Agroindustrial | Ingenieria Agroindustrial | 18/01/2022 | C 574.5 M49 1997 | dia_005027 | 18/01/2022 | 1 | 18/01/2022 | Libro |
